Statistics for People by Outfit

Click here to take the quiz!

General Stats

  • This quiz has been taken 23,174 times
  • The average score is 10 of 18

Answer Stats

OutfitAnswer% Correct
Black sequined jacket, one white gloveMichael Jackson
96%
Blue unitard with "S" on the chest, red cape, red underwear on the outsideSuperman
91%
Meat dressLady Gaga
85%
Long white halter top dress billowing over an air grateMarilyn Monroe
74%
Fedora hat, leather jacket, bullwhipIndiana Jones
63%
White jumpsuit with bellbottoms, raised collar, capeElvis Presley
62%
Yellow polo shirt with a black zig-zag line, black shorts, brown shoesCharlie Brown
56%
Black sleeveless Givenchy dress, elbow-length gloves, pearls, long cigarette holderAudrey Hepburn
55%
Blue overalls, red shirt, white gloves, red hat with an "M" on itMario
55%
White dhoti (loincloth), glasses with circular framesMohandas Gandhi
52%
Pink Chanel dress suit, pillbox hat, pearlsJackie Kennedy
51%
Black mock turtleneck, blue jeans, white sneakersSteve Jobs
47%
Red shirt with a yellow "A" on it, red cap, no pantsAlvin
39%
Swan dressBjörk
35%
Military fatigues, beret with a star on itChe Guevara
35%
White sleeveless shirt that says "New York City", sunglasses with circular framesJohn Lennon
28%
Green dress, red pearls, red shoesMarge Simpson
23%
Black frock with a scarlet "A" sewed on itHester Prynne
20%

Score Distribution

Percentile by Number Answered

Percent of People with Each Score

Your Score History

You have not taken this quiz